Revista ContraArgumento

Detalles Bibliográficos
Autor principal: Castro, Ramiro
Otros Autores: Calero, Mata̕s
Formato: eBook
Lenguaje:español
Publicado: Montevideo: Revista ContraArgumento, 2018 -
Materias:
Acceso en línea:Acceso restringido

MARC

LEADER 00000nam a22000007a 4500
005 20191025224312.0
007 cr|||| |||
008 191025s20189999uy mr|w s|||| 0|||b1spa d
022 |a 2393-7955 
035 |a 24975 
040 |a vLex 
090 |c 9975  |d 9975 
100 1 |a Castro, Ramiro 
245 1 0 |a Revista ContraArgumento  |h [Recurso electrn̤ico] /  |c Ramiro Castro, Mata̕s Calero 
256 |a Servicio en ln̕ea 
260 |a Montevideo:  |b Revista ContraArgumento,  |c 2018 - 
300 |a 1 recurso electrn̤ico 
310 |a Mensual 
362 |a Nð 1 (Abr. 2018) - 
506 1 |a Disponible solo en los productos indicados  |d vLex Global  |d vLex Global (Academic Edition, excluding Law Schools)  |d vLex Global (U.S. Academic Edition, Law Schools)  |d vLex Global (U.S. Academic Edition, excluding Law Schools)  |d vLex Global (Academic Edition, Law Schools) 
650 0 4 |a Materias no jurd̕icas  |z Uruguay 
700 1 |a Calero, Mata̕s 
740 0 |a vLex Revistas (Servicio en ln̕ea) 
856 4 0 |u http://vlex.com/source/revista-contraargumento-24975  |z Acceso restringido 
942 |c REV 
999 0 |a Non-legal matters